| 000 | 00716nam a2200229 i 4500 | ||
|---|---|---|---|
| 001 | 135606 | ||
| 003 | ES-MaACL | ||
| 005 | 20250323063042.0 | ||
| 007 | t| | ||
| 008 | 070720s1982 sp ||||1| spa d | ||
| 020 | _a84-01-42681-2 | ||
| 080 | _a860-94"19" | ||
| 100 | 1 |
_aTorrente Ballester, Gonzalo, _d1910-1999 _9110850 |
|
| 245 | 1 | 4 |
_aLos cuadernos de un vate vago / _cGonzalo Torrente Ballester. |
| 250 | _a[1ª ed.]. | ||
| 260 |
_aEsplugues de Llobregat (Barcelona) : _bPlaza & Janés, _c[1982] |
||
| 300 |
_a379 p. : _bil. ; _c21 cm. |
||
| 490 | 1 | _aPlaza & Janés literaria | |
| 830 | 0 |
_aPlaza & Janés literaria _9177814 |
|
| 852 |
_aES-MaACL _jL-3413 _bR.104268 |
||
| 999 |
_c135606 _d135606 |
||